[Event "Valle Region-ch U16"]
[Site "Cali"]
[Date "2014.05.??"]
[Round "5.5"]
[White "Hernandez, Jimmy"]
[Black "Murgueitio, Juan Camilo"]
[Result "0-1"]
[WhiteElo "1539"]
[BlackElo "1817"]
[PlyCount "66"]
[EventDate "2014.05.16"]
[EventType "tourn"]
[EventRounds "5"]
[EventCountry "COL"]
[SourceTitle "EXT 2024"]
[Source "ChessBase"]
[SourceDate "2023.10.10"]
[SourceVersion "1"]
[SourceVersionDate "2023.10.10"]
[SourceQuality "1"]

1. e4 c5 2. Nf3 e6 3. d4 cxd4 4. Nxd4 Nf6 5. Nc3 d6 6. Be3 a6 7. Bd3 Be7 8. 0-0 Qc7 9. f4 Nbd7 10. Qf3 b5 11. e5 Bb7 12. Qg3 dxe5 13. fxe5 Qxe5 14. Qxe5 Nxe5 15. a4 b4 16. Nce2 Nxd3 17. cxd3 0-0 18. Nf3 Rfd8 19. Rad1 Rac8 20. Bb6 Bc5+ 21. Bxc5 Rxc5 22. d4 Rc2 23. Rd2 Rdc8 24. Rfd1 Ne4 25. Rxc2 Rxc2 26. Nf4 Rxb2 27. Nd3 Rc2 28. Nxb4 Rc4 29. Rb1 Nc3 30. Rb2 Nxa4 31. Rb1 h6 32. Nd3 Bxf3 33. gxf3 Rxd4 0-1

[Event "Valle Region-ch U16"]
[Site "Cali"]
[Date "2014.05.??"]
[Round "2.6"]
[White "Viveros, Mariana Yibeth"]
[Black "Hernandez, Jimmy"]
[Result "0-1"]
[WhiteElo "1659"]
[BlackElo "1539"]
[PlyCount "78"]
[EventDate "2014.05.16"]
[EventType "tourn"]
[EventRounds "5"]
[EventCountry "COL"]
[SourceTitle "EXT 2024"]
[Source "ChessBase"]
[SourceDate "2023.10.10"]
[SourceVersion "1"]
[SourceVersionDate "2023.10.10"]
[SourceQuality "1"]

1. e4 e5 2. Nf3 Nc6 3. Bc4 Bc5 4. c3 d6 5. h3 Nf6 6. d3 h6 7. 0-0 0-0 8. Re1 Qe7 9. Nbd2 Re8 10. Nf1 Be6 11. Bb3 Bxb3 12. axb3 Qe6 13. Ng3 Ne7 14. Be3 Bb6 15. d4 Ng6 16. d5 Qd7 17. c4 Red8 18. Qc1 Bxe3 19. Rxe3 Nf4 20. Nf5 Nxe4 21. Nxh6+ gxh6 22. Rxe4 Qf5 23. Qb1 Qg6 24. Nh4 Qf6 25. Nf3 Kh8 26. Kh2 Rg8 27. g3 Nxh3 28. Kxh3 Qxf3 29. Rh4 Rg6 30. Qc2 Rag8 31. Rg1 f5 32. Kh2 f4 33. Rh3 fxg3+ 34. Rgxg3 Rxg3 35. Rxg3 Rxg3 36. fxg3 Kg7 37. b4 Qh5+ 38. Kg2 Qg6 39. Qxg6+ Kxg6 0-1

[Event "COL-ch U18"]
[Site "Cali"]
[Date "2014.04.06"]
[Round "7"]
[White "Hernandez, Jimmy"]
[Black "Vasquez, Hernan de Jesus"]
[Result "1-0"]
[WhiteElo "1498"]
[BlackElo "1474"]
[PlyCount "77"]
[EventDate "2014.04.03"]
[EventType "swiss"]
[EventRounds "7"]
[EventCountry "COL"]
[SourceTitle "CBM 159 Extra"]
[Source "ChessBase"]
[SourceDate "2014.04.24"]
[SourceVersion "1"]
[SourceVersionDate "2014.04.24"]
[SourceQuality "1"]

1. e4 e5 2. Nf3 Nc6 3. Nc3 Nf6 4. Bc4 h6 5. 0-0 d6 6. h3 Bxh3 7. gxh3 a6 8. Nh2 g6 9. d3 h5 10. Bg5 Be7 11. Bxf6 Bxf6 12. Qf3 Qe7 13. Nd5 Qd8 14. Qxf6 Qxf6 15. Nxf6+ Ke7 16. Nd5+ Kd7 17. f4 Raf8 18. fxe5 Nxe5 19. Nf3 Nxf3+ 20. Rxf3 c6 21. Nc3 b5 22. Bb3 Rh7 23. Raf1 Ke7 24. Rxf7+ Rhxf7 25. Rxf7+ Rxf7 26. Bxf7 Kxf7 27. Kf2 g5 28. Kg3 Kg6 29. Ne2 d5 30. exd5 cxd5 31. Nd4 Kf6 32. h4 g4 33. Nc6 Kf5 34. Nb8 a5 35. Nc6 a4 36. Nd4+ Ke5 37. Nxb5 Kf5 38. Nc3 Ke5 39. Nxa4 1-0

[Event "COL-ch U18"]
[Site "Cali"]
[Date "2014.04.04"]
[Round "4"]
[White "Chavez Duero, Brayan Steven"]
[Black "Hernandez, Jimmy"]
[Result "0-1"]
[WhiteElo "1523"]
[BlackElo "1498"]
[PlyCount "64"]
[EventDate "2014.04.03"]
[EventType "swiss"]
[EventRounds "7"]
[EventCountry "COL"]
[SourceTitle "CBM 159 Extra"]
[Source "ChessBase"]
[SourceDate "2014.04.24"]
[SourceVersion "1"]
[SourceVersionDate "2014.04.24"]
[SourceQuality "1"]

1. e4 e5 2. Nf3 Nc6 3. d4 exd4 4. Nxd4 Bc5 5. Nxc6 bxc6 6. Nc3 Nf6 7. Bc4 0-0 8. 0-0 Re8 9. Re1 h6 10. h3 d6 11. Bf4 Rb8 12. Rb1 Be6 13. Bxe6 Rxe6 14. e5 Nh7 15. a3 Qh4 16. Bg3 Qxg3 17. Ne4 Qxe5 18. Nxc5 Qxc5 19. Rxe6 fxe6 20. Qe2 Re8 21. Qa6 Qxc2 22. Re1 Qxb2 23. Qxc6 Rf8 24. Rf1 Qb6 25. Qd7 d5 26. a4 Nf6 27. Qe7 Qd6 28. Qxd6 cxd6 29. Rc1 Ne4 30. f3 Nc5 31. Kf2 Nd3+ 32. Ke3 Nxc1 0-1